000 00265nam a22001217a 4500
999 _c160254
_d160254
082 _a
_b
100 _aMohan Rakesh
245 _aLahron Ke Rajhans/
_cby Mohan Rakes.
260 _aNew Delhi:
_bRajkamal,
_c1994.
300 _a125p.
650 _a
942 _cBK